[Event "IECG TE.2001.P.00801 email"]
[Site "IECG email"]
[Date "2001.10.05"]
[Round "?"]
[White "Celedon, Ivan"]
[Black "Coupe, John"]
[Result "1-0"]
[WhiteElo "1953"]
[BlackElo "800"]
[PlyCount "37"]
[EventDate "2001.10.05"]
[EventType "tourn (corr)"]
[EventRounds "8"]
[SourceTitle "Corr 2008"]
[Source "ChessBase"]
[SourceDate "2008.06.24"]
[SourceVersion "1"]
[SourceVersionDate "2008.06.24"]
[SourceQuality "1"]

1. e4 d6 2. d4 Nf6 3. Nc3 g6 4. Nf3 Bg7 5. Be3 0-0 6. Qd2 c5 7. dxc5 Nc6 8. Rd1 dxc5 9. Qxd8 Rxd8 10. Rxd8+ Nxd8 11. Bxc5 Bg4 12. Bxe7 Ne6 13. Ne5 Re8 14. Bxf6 Bxf6 15. Nxg4 Nd4 16. Nxf6+ Kf8 17. Nxe8 Kxe8 18. Bd3 Nxc2+ 19. Bxc2 1-0

[Event "IECG TE.2000.P.00411 email"]
[Site "IECG email"]
[Date "2000.07.15"]
[Round "?"]
[White "Coupe, John"]
[Black "Niewold, Jaap"]
[Result "1/2-1/2"]
[WhiteElo "800"]
[BlackElo "1805"]
[PlyCount "30"]
[EventDate "2000.07.15"]
[EventType "tourn (corr)"]
[EventRounds "8"]
[SourceTitle "Corr 2008"]
[Source "ChessBase"]
[SourceDate "2008.06.24"]
[SourceVersion "1"]
[SourceVersionDate "2008.06.24"]
[SourceQuality "1"]

1. e4 e5 2. Nf3 Nc6 3. Bc4 Nf6 4. Ng5 Bc5 5. Nxf7 Bxf2+ 6. Kxf2 Nxe4+ 7. Kg1 Qe7 8. d3 Qc5+ 9. d4 Nxd4 10. Be3 Qxc4 11. Nxh8 Ne2+ 12. Kf1 Nf4+ 13. Kg1 Ne2+ 14. Kf1 Nf4+ 15. Kg1 Ne2+ 1/2-1/2

[Event "IECG TE.2000.P.00411 email"]
[Site "IECG email"]
[Date "2000.07.15"]
[Round "?"]
[White "Stefanov, Plamen"]
[Black "Coupe, John"]
[Result "1-0"]
[WhiteElo "2230"]
[BlackElo "800"]
[PlyCount "53"]
[EventDate "2000.07.15"]
[EventType "tourn (corr)"]
[EventRounds "8"]
[SourceTitle "Corr 2008"]
[Source "ChessBase"]
[SourceDate "2008.06.24"]
[SourceVersion "1"]
[SourceVersionDate "2008.06.24"]
[SourceQuality "1"]

1. e4 e5 2. Nf3 Nc6 3. Bc4 Nf6 4. Ng5 Bc5 5. Nxf7 Qe7 6. Nxh8 d5 7. Bxd5 Nxd5 8. Qh5+ g6 9. Nxg6 hxg6 10. Qxg6+ Qf7 11. Qxf7+ Kxf7 12. exd5 Nd4 13. Kd1 Bg4+ 14. f3 Bf5 15. d3 Rg8 16. c3 Rxg2 17. cxd4 Bxd4 18. Nc3 Bxd3 19. Bd2 Rf2 20. Ne4 b5 21. Nxf2 Bxf2 22. b3 e4 23. fxe4 Bd4 24. Rc1 Bxe4 25. Rf1+ Kg8 26. Rf4 Bb2 27. Rxe4 1-0